Cartas eruditas

Guardat en:
Dades bibliogràfiques
Autor principal: Feijóo
Format: Llibre
Idioma:Undetermined
Publicat: Madrid, España Espasa-Calpe 1969
Matèries:
Etiquetes: Afegir etiqueta
Sense etiquetes, Sigues el primer a etiquetar aquest registre!

MARC

LEADER 00000nam a2200000Ia 4500
008 170316s9999 xx 000 0 und d
040 |a cru BVZT 
090 |a 862 E-14c 
100 |a Feijóo 
245 |a Cartas eruditas 
260 |a Madrid, España 
260 |b Espasa-Calpe 
260 |c 1969 
300 |a 236 páginas 
650 |a LITERATURA ESPAÑOLA 
999 |c 9815  |d 9815 
942 |c 15 D  |h 862 E-14c  |2 z